[Event "Nicolo La Rosa op 15th"]
[Site "Mazara del Vallo"]
[Date "2007.08.12"]
[Round "6"]
[White "Salvato, Angela"]
[Black "Croci, Roberto"]
[Result "0-1"]
[WhiteElo "1569"]
[BlackElo "1562"]
[PlyCount "52"]
[EventDate "2007.08.10"]
[EventType "swiss"]
[EventRounds "6"]
[EventCountry "ITA"]
[SourceTitle "EXT 2011"]
[Source "ChessBase"]
[SourceDate "2010.11.26"]
[SourceVersion "1"]
[SourceVersionDate "2010.11.26"]
[SourceQuality "1"]

1. e4 e5 2. Nf3 Nc6 3. Bc4 Nf6 4. d3 Be7 5. Nc3 0-0 6. Be3 d6 7. d4 exd4 8. Nxd4 Nxe4 9. Nxe4 d5 10. Nd2 Nxd4 11. Bxd4 dxc4 12. Nxc4 Bf6 13. c3 Re8+ 14. Ne3 Bxd4 15. cxd4 Qg5 16. Qe2 Bg4 17. Qd3 Re6 18. d5 Rd8 19. Rf1 Rxd5 20. f4 Rxd3 21. fxg5 Rexe3+ 22. Kf2 Re2+ 23. Kg1 Rdd2 24. Rf2 Rxf2 25. Rc1 Rxg2+ 26. Kh1 Bf3 0-1

[Event "Nicolo La Rosa op 15th"]
[Site "Mazara del Vallo"]
[Date "2007.08.11"]
[Round "3"]
[White "Salvato, Angela"]
[Black "Nobile, Angelo"]
[Result "1-0"]
[WhiteElo "1569"]
[BlackElo "1413"]
[PlyCount "61"]
[EventDate "2007.08.10"]
[EventType "swiss"]
[EventRounds "6"]
[EventCountry "ITA"]
[SourceTitle "EXT 2011"]
[Source "ChessBase"]
[SourceDate "2010.11.26"]
[SourceVersion "1"]
[SourceVersionDate "2010.11.26"]
[SourceQuality "1"]

1. e4 e6 2. Bc4 d5 3. Bd3 Bc5 4. Nh3 Nf6 5. Nc3 0-0 6. Qf3 dxe4 7. Nxe4 Nxe4 8. Bxe4 Nd7 9. 0-0 Qf6 10. Qh5 Qh6 11. Qe2 Nf6 12. d4 Bxd4 13. Bxh6 Bxb2 14. Rad1 Bd7 15. Bxb7 Rad8 16. Rd3 Bb5 17. Be4 Bxd3 18. cxd3 Nxe4 19. Qxb2 gxh6 20. dxe4 f6 21. Nf4 e5 22. Ne6 Rb8 23. Qe2 Rfe8 24. Qg4+ Kf7 25. Qg7+ Kxe6 26. Qxc7 Ra8 27. Rd1 Re7 28. Qc6+ Kf7 29. Qxa8 Kg6 30. Qg8+ Kh5 31. Rd3 1-0